LIBRARY & INFORMATION CENTRE, KCAET, TAVANUR

ONLINE PUBLIC ACCESS CATALOGUE (OPAC)

Dehumanisation in modern society / (Record no. 2387)

MARC details
000 -LEADER
fixed length control field 00433cam a2200169ua 4500
041 ## - LANGUAGE CODE
Language code of text/sound track or separate title eng
082 ## - DEWEY DECIMAL CLASSIFICATION NUMBER
Classification number 320.58
Item number MR/DE
100 ## - MAIN ENTRY--AUTHOR NAME
Personal name Miller, Renefulep .
245 ## - TITLE STATEMENT
Title Dehumanisation in modern society /
260 ## - PUBLICATION, DISTRIBUTION, ETC. (IMPRINT)
Place of publication Ahmadabad :
Name of publisher Navajivan publishing house ,
Year of publication 1953.
300 ## - PHYSICAL DESCRIPTION
Number of Pages 28 ; .
942 ## - ADDED ENTRY ELEMENTS (KOHA)
Koha item type Books
Holdings
Withdrawn status Lost status Damaged status Home library Current library Date acquired Full call number Accession Number Koha item type
Withdrawn     KAUAET Sanskrit University 07/04/2012 320.58 2422 Books
free website counter